| 000 | 00693nam a2200193Ia 4500 | ||
|---|---|---|---|
| 003 | GCL | ||
| 008 | 140319s9999 xx 000 0 ara d | ||
| 040 |
_aGCL / _cGCL |
||
| 082 | 0 | 4 |
_a323.44 _bل ع |
| 100 | 1 | _aليفمان، يشعياهو | |
| 245 | 1 | 0 |
_aالعلاقات بين المتدينين والعلمانيين فى اسرائيل / _cليفمان، يشعياهو |
| 260 |
_aالقاهرة : _bالمجلس الاعلى للثقافة ، _c2000 |
||
| 300 |
_a280 ص ؛ _c24 سم |
||
| 650 | 0 | 4 | _aاليهودية |
| 650 | 0 | 4 | _aالعلمانية |
| 650 | 0 | 4 | _aالمجتمع الاسرائيلى |
| 650 | 0 | 4 | _aاسرائيل - الاحوال السياسية |
| 942 |
_2ddc _cBK |
||
| 999 |
_c5541 _d5541 |
||